Síntesis de las ponencias (Registro nro. 20716)
[ vista simple ]
| 000 -CABECERA | |
|---|---|
| Campo de control | 00908nam a22002297a 4500 |
| 005 - FECHA Y HORA DE LA ULTIMA TRANSACCION | |
| Campo de control | 20200123123725.0 |
| 008 - ELEMENTOS DE LONGITUD FIJA—INFORMACION GENERAL | |
| Campo de control | 200123b xxu||||| |||| 00| 0 spa d |
| 040 ## - FUENTE DE CATALOGACIÓN | |
| Agencia catalogadora original | CO-BoIAVH |
| Agencia transcriptora | CO-BoIAVH |
| 041 ## - IDIOMA | |
| Código de idioma para texto/pista de sonido o título separado | Español |
| 044 ## - PAÍS DE PUBLICACIÓN | |
| País de publicación | Colombia |
| 082 ## - NUMERO DE CLASIFICACION DECIMAL DEWEY | |
| Número de clasificación | 577.64 |
| Número del ítem | F98s |
| 100 ## - ASIENTO PRINCIPAL--NOMBRE PERSONAL | |
| 9 (RLIN) | 14280 |
| Nombre personal | Vásquez Lalinde, Fernando |
| Término relacionado | Editor |
| 245 ## - MENCION DE TITULO | |
| Título | Síntesis de las ponencias |
| Parte restante del título | Tercer encuentro mundial de ríos. Empapate de ríos Bogotá 2002 |
| Mención de responsabilidad | Fernando Vásquez Lalinde, editor |
| 260 ## - PUBLICACION, DISTRIBUCION, ETC. (PIE DE IMPRENTA) | |
| Lugar de publicación, distribución, etc. | Bogotá, |
| Nombre del editor, distribuidor, etc. | Fundación Al Verde Vivo, |
| Fecha de publicación, distribución, etc. | 2002 |
| 300 ## - DESCRIPCION FISICA | |
| Extensión | 192 páginas, |
| Otros detalles físicos | Fotografías y tablas a blanco y negro |
| Dimensiones | 21.5 x 16.1 cm |
| 650 #0 - ASIENTO SECUNDARIO DE MATERIA - TERMINO TEMATICO | |
| 9 (RLIN) | 14278 |
| Término temático o nombre geográfico como elemento de entrada | Conservación de recursos hídricos |
| Subdivisión de forma | Congresos, conferencias, etc.. |
| 650 #0 - ASIENTO SECUNDARIO DE MATERIA - TERMINO TEMATICO | |
| 9 (RLIN) | 29586 |
| Término temático o nombre geográfico como elemento de entrada | Contaminación del agua. |
| 650 #0 - ASIENTO SECUNDARIO DE MATERIA - TERMINO TEMATICO | |
| 9 (RLIN) | 7050 |
| Término temático o nombre geográfico como elemento de entrada | Saneamiento ambiental |
| 650 #0 - ASIENTO SECUNDARIO DE MATERIA - TERMINO TEMATICO | |
| 9 (RLIN) | 4035 |
| Término temático o nombre geográfico como elemento de entrada | Problemática ambiental |
| 650 #0 - ASIENTO SECUNDARIO DE MATERIA - TERMINO TEMATICO | |
| 9 (RLIN) | 69181 |
| Término temático o nombre geográfico como elemento de entrada | Solución de conflictos |
| Subdivisión de forma | Ambientales |
| 942 ## - ELEMENTOS ADICIONALES (KOHA) | |
| Sistema de clasificación | Dewey Decimal Classification |
| Tipo de ítem | Libro |
| Withdrawn status | Lost status | Sistema de Clasificación | Damaged status | No para préstamo | Colección | Ubicación Permanente | Ubicación actual | Fecha de adquisición | Total Checkouts | Número topográfico | Inventario / Código de Barras | Date last seen | Ejemplar | Price effective from | Forma de adquisición | Tipo de material |
|---|---|---|---|---|---|---|---|---|---|---|---|---|---|---|---|---|
| Dewey Decimal Classification | General | Bogotá | Bogotá | 23/01/2020 | LB-577.64 F98s | 043984 | 23/01/2020 | Ej. 1 | 23/01/2020 | Donación | Libro |